Antología de poetas argentinos, tomo iv: patria y honor /
Guardado en:
| Otros Autores: | |
|---|---|
| Formato: | Libro |
| Publicado: |
Buenos Aires :
Martín Biedma e Hijo,
1910
|
| Materias: | |
| Etiquetas: |
Agregar Etiqueta
Sin Etiquetas, Sea el primero en etiquetar este registro!
|
| LEADER | 00583nam a22001695a 4500 | ||
|---|---|---|---|
| 001 | EHU.bham043147 | ||
| 003 | AR-BHAM | ||
| 005 | 20150327143159.0 | ||
| 008 | 130507s1910##################000#0#####d | ||
| 082 | A | 8 | |a 868.3 |
| 245 | 0 | 0 | |a Antología de poetas argentinos, tomo iv: patria y honor / |c Juan De La C. Puig |
| 260 | |a Buenos Aires : |b Martín Biedma e Hijo, |c 1910 | ||
| 300 | |a 344 p. | ||
| 653 | |a Literatura argentina-antología | ||
| 653 | |a Poesía argentina-antología-siglo xix | ||
| 700 | 1 | |a C. Puig, Juan de la | |
| 859 | |a AR-BHAM |b BIB. HUMANIDADES - General |h A868.3 |i An88 |k A |p 51.15 |t Ej.1 |v IV | ||
